[Event "94th FRA-ch Open A 2019"]
[Site "Chartres"]
[Date "2019.08.23"]
[Round "7.6"]
[White "Derige Kane, Yan"]
[Black "Mahieu, Luc"]
[Result "0-1"]
[WhiteElo "2156"]
[BlackElo "2084"]
[Annotator "NA"]
[PlyCount "88"]
[EventDate "2019.08.17"]
[EventType "swiss"]
[EventCountry "FRA"]
[SourceTitle "playchess.com"]
[Source "ChessBase"]
[SourceQuality "1"]
[TimeControl "40/5400+30:1800+30"]

1. e4 {[%emt 0:00:00]} c5 {[%emt 0:00:00]} 2. Nf3 {[%emt 0:00:00]} d6 {[%emt 0:00:00]} 3. c3 {[%emt 0:00:00]} Nf6 {[%emt 0:00:04]} 4. Be2 {[%emt 0:00:13]} g6 {[%emt 0:00:19]} 5. O-O {[%emt 0:02:18]} Bg7 {[%emt 0:00:19]} 6. Bb5+ {[%emt 0:10:04]} Nbd7 {[%emt 0:01:16]} 7. Re1 {[%emt 0:00:35]} O-O {[%emt 0:00:41]} 8. d4 {[%emt 0:01:27]} a6 {[%emt 0:00:42]} 9. Bxd7 {[%emt 0:04:19]} Nxd7 {[%emt 0:00:53]} 10. a4 {[%emt 0:05:57]} b6 {[%emt 0:04:12]} 11. Bg5 {[%emt 0:01:02]} Re8 {[%emt 0:05:52]} 12. Nbd2 {[%emt 0:03:24]} Qc7 {[%emt 0:01:29]} 13. h3 {[%emt 0:02:05]} Bb7 {[%emt 0:05:22]} 14. Qe2 {[%emt 0:06:03]} e5 {[%emt 0:08:29]} 15. dxe5 {[%emt 0:01:35]} Nxe5 {[%emt 0:00:55]} 16. Nxe5 {[%emt 0:00:24]} Bxe5 {[%emt 0:00:36]} 17. f4 {[%emt 0:02:56]} Bg7 {[%emt 0:01:20]} 18. Qf2 {[%emt 0:11:17]} b5 {[%emt 0:12:56]} 19. axb5 {[%emt 0:01:12]} axb5 {[%emt 0:02:00]} 20. Rxa8 {[%emt 0:11:56]} Bxa8 {[%emt 0:01:34]} 21. f5 {[%emt 0:00:55]} f6 {[%emt 0:12:08]} 22. Bf4 {[%emt 0:01:50]} Qe7 {[%emt 0:02:00]} 23. fxg6 {[%emt 0:31:58]} hxg6 24. Qg3 d5 25. Qxg6 dxe4 26. Bd6 Qf7 27. Qxf7+ Kxf7 28. Bxc5 f5 29. Be3 Be5 30. Rf1 Kg6 31. Nb3 Bd5 32. Nd4 Bxd4 33. Bxd4 e3 34. Ra1 f4 35. Rf1 Kf5 36. Re1 Ke4 37. Kf1 Rg8 38. g4 Rg6 39. Kg1 Kd3 40. b4 Kd2 41. Rb1 f3 42. Bxe3+ Kxe3 43. Re1+ Kf4 44. Kf2 Ra6 0-1

[Event "94th FRA-ch Open A 2019"]
[Site "Chartres"]
[Date "2019.08.24"]
[Round "8.1"]
[White "Aumont, Alexandre"]
[Black "Amoyal, Pierre"]
[Result "1-0"]
[WhiteElo "2190"]
[BlackElo "2093"]
[Annotator "NA"]
[PlyCount "51"]
[EventDate "2019.08.17"]
[EventType "swiss"]
[EventCountry "FRA"]
[SourceTitle "playchess.com"]
[Source "ChessBase"]
[SourceQuality "1"]
[TimeControl "40/5400+30:1800+30"]

1. e4 {[%emt 0:00:00]} c5 {[%emt 0:07:30]} 2. Nc3 {[%emt 0:00:00]} g6 {[%emt 0:01:10]} 3. g3 {[%emt 0:00:00]} Bg7 {[%emt 0:00:21]} 4. Bg2 {[%emt 0:00:00]} Nc6 {[%emt 0:00:24]} 5. d3 {[%emt 0:00:05]} d6 {[%emt 0:00:54]} 6. Be3 {[%emt 0:00:13]} Rb8 {[%emt 0:01:29]} 7. Qd2 {[%emt 0:00:42]} b5 {[%emt 0:00:36]} 8. Nge2 {[%emt 0:00:21]} b4 {[%emt 0:09:18]} 9. Nd1 {[%emt 0:00:08]} Nd4 {[%emt 0:08:18]} 10. O-O {[%emt 0:00:09]} Qa5 {[%emt 0:06:24]} 11. a3 {[%emt 0:36:15]} Qa6 {[%emt 0:08:05]} 12. Bxd4 {[%emt 0:00:56]} cxd4 {[%emt 0:00:07]} 13. b3 {[%emt 0:00:20]} bxa3 {[%emt 0:12:58]} 14. Qc1 {[%emt 0:01:45]} Qb6 {[%emt 0:03:38]} 15. Qxa3 {[%emt 0:00:08]} a6 {[%emt 0:00:16]} 16. Nb2 {[%emt 0:08:07]} Nh6 {[%emt 0:04:37]} 17. Nc4 {[%emt 0:01:25]} Qb5 {[%emt 0:02:20]} 18. Qc1 {[%emt 0:02:38]} O-O {[%emt 0:03:17]} 19. Ra5 {[%emt 0:03:26]} Qb4 {[%emt 0:00:23]} 20. Nxd4 {[%emt 0:03:24]} Bxd4 {[%emt 0:00:07]} 21. Qxh6 {[%emt 0:00:05]} Rb5 {[%emt 0:01:11]} 22. Ra4 {[%emt 0:01:40]} Qc5 {[%emt 0:00:08]} 23. Qd2 {[%emt 0:01:13]} f5 {[%emt 0:00:10]} 24. exf5 {[%emt 0:08:10]} Rxf5 {[%emt 0:03:49]} 25. Ne3 {[%emt 0:02:06]} Re5 {[%emt 0:00:35]} 26. Rc4 {[%emt 0:01:00]} 1-0

[Event "94th FRA-ch Open A 2019"]
[Site "Chartres"]
[Date "2019.08.24"]
[Round "8.2"]
[White "Droin, Augustin"]
[Black "Burille, Matthieu"]
[Result "1/2-1/2"]
[WhiteElo "2128"]
[BlackElo "2174"]
[Annotator "NA"]
[PlyCount "148"]
[EventDate "2019.08.17"]
[EventType "swiss"]
[EventCountry "FRA"]
[SourceTitle "playchess.com"]
[Source "ChessBase"]
[SourceQuality "1"]
[TimeControl "40/5400+30:1800+30"]

1. e4 {[%emt 0:00:00]} c5 {[%emt 0:00:00]} 2. Nf3 {[%emt 0:00:00]} d6 {[%emt 0:00:00]} 3. Nc3 {[%emt 0:00:03]} Nf6 {[%emt 0:00:00]} 4. e5 {[%emt 0:00:06]} dxe5 {[%emt 0:00:00]} 5. Nxe5 {[%emt 0:00:04]} a6 {[%emt 0:00:01]} 6. g3 {[%emt 0:00:08]} Nbd7 {[%emt 0:02:30]} 7. d4 {[%emt 0:02:57]} e6 {[%emt 0:04:43]} 8. Be3 {[%emt 0:06:45]} cxd4 {[%emt 0:07:30]} 9. Bxd4 {[%emt 0:00:28]} Qc7 {[%emt 0:00:11]} 10. Qe2 {[%emt 0:11:49]} Bc5 {[%emt 0:11:32]} 11. Bxc5 {[%emt 0:00:33]} Qxc5 {[%emt 0:00:08]} 12. Nd3 {[%emt 0:00:49]} Qc6 {[%emt 0:01:45]} 13. Rg1 {[%emt 0:00:48]} O-O {[%emt 0:00:39]} 14. Bg2 {[%emt 0:00:34]} Qc7 {[%emt 0:00:13]} 15. g4 {[%emt 0:01:15]} Nc5 {[%emt 0:13:45]} 16. Nxc5 {[%emt 0:11:33]} Qxc5 {[%emt 0:00:07]} 17. O-O-O {[%emt 0:00:07]} Rb8 {[%emt 0:00:00]} 18. h4 {[%emt 0:01:43]} b5 {[%emt 0:25:43]} 19. g5 {[%emt 0:02:24]} Nd5 {[%emt 0:02:11]} 20. Qe5 {[%emt 0:06:41]} Bb7 {[%emt 0:03:54]} 21. Bxd5 {[%emt 0:02:07]} Bxd5 {[%emt 0:00:26]} 22. Nxd5 {[%emt 0:03:15]} exd5 {[%emt 0:00:14]} 23. Qxd5 {[%emt 0:01:52]} Qxf2 {[%emt 0:00:34]} 24. h5 {[%emt 0:02:03]} Rbc8 {[%emt 0:00:49]} 25. Qd3 {[%emt 0:01:40]} Qb6 {[%emt 0:05:43]} 26. g6 {[%emt 0:02:55]} fxg6 {[%emt 0:02:00]} 27. hxg6 {[%emt 0:01:56]} h6 {[%emt 0:00:34]} 28. Kb1 {[%emt 0:02:37]} Rc6 {[%emt 0:01:43]} 29. a3 {[%emt 0:05:15]} Rcf6 {[%emt 0:04:21]} 30. Rde1 {[%emt 0:02:12]} Rd8 {[%emt 0:03:39]} 31. Qe4 {[%emt 0:01:57]} Rdd6 {[%emt 0:02:16]} 32. Rgf1 {[%emt 0:02:29]} Rxf1 {[%emt 0:02:36]} 33. Rxf1 {[%emt 0:00:39]} Qc6 {[%emt 0:01:53]} 34. Qe7 {[%emt 0:04:25]} Rxg6 {[%emt 0:01:53]} 35. Re1 {[%emt 0:02:35]} Rf6 {[%emt 0:00:45]} 36. Rg1 {[%emt 0:01:03]} Rf7 {[%emt 0:00:19]} 37. Qd8+ {[%emt 0:00:30]} Rf8 {[%emt 0:00:11]} 38. Qd4 {[%emt 0:00:22]} Rf7 {[%emt 0:00:39]} 39. Qd8+ {[%emt 0:00:16]} Rf8 {[%emt 0:00:02]} 40. Qd4 {[%emt 0:00:11]} Qf6 {[%emt 0:00:15]} 41. Qd5+ {[%emt 0:30:20]} Kh7 {[%emt 0:30:12]} 42. Qe4+ {[%emt 0:01:56]} Qf5 {[%emt 0:02:50]} 43. Qb7 {[%emt 0:00:53]} Qf6 {[%emt 0:00:00]} 44. Qe4+ {[%emt 0:00:00]} g6 {[%emt 0:00:00]} 45. Rd1 {[%emt 0:00:00]} Rf7 {[%emt 0:00:00]} 46. Qe8 {[%emt 0:00:00]} h5 {[%emt 0:00:00]} 47. Rd7 {[%emt 0:00:00]} Rxd7 {[%emt 0:00:00]} 48. Qxd7+ {[%emt 0:00:00]} Kh6 {[%emt 0:00:00]} 49. b3 {[%emt 0:00:00]} h4 {[%emt 0:00:00]} 50. a4 {[%emt 0:00:00]} bxa4 {[%emt 0:00:00]} 51. Qxa4 {[%emt 0:00:00]} h3 {[%emt 0:00:49]} 52. Qd7 {[%emt 0:00:00]} Qf1+ {[%emt 0:00:25]} 53. Kb2 {[%emt 0:00:00]} Qf5 {[%emt 0:00:12]} 54. Qd6 {[%emt 0:00:00]} a5 {[%emt 0:00:29]} 55. Qb8 {[%emt 0:00:00]} Kg5 {[%emt 0:02:59]} 56. Qg3+ {[%emt 0:00:00]} Kh5 {[%emt 0:00:07]} 57. Qb8 {[%emt 0:00:00]} g5 {[%emt 0:00:29]} 58. Qh8+ {[%emt 0:00:00]} Kg4 {[%emt 0:00:38]} 59. Qd4+ {[%emt 0:00:00]} Qf4 {[%emt 0:00:28]} 60. Qd7+ {[%emt 0:00:00]} Kg3 {[%emt 0:02:09]} 61. Qd3+ {[%emt 0:00:00]} Qf3 {[%emt 0:00:45]} 62. Qd6+ {[%emt 0:00:00]} Kh4 {[%emt 0:00:53]} 63. Qh6+ {[%emt 0:00:00]} Qh5 {[%emt 0:00:04]} 64. Qf6 {[%emt 0:00:00]} Qe8 {[%emt 0:00:34]} 65. Qf2+ {[%emt 0:00:00]} Kh5 {[%emt 0:00:07]} 66. Qf3+ {[%emt 0:00:03]} g4 {[%emt 0:00:16]} 67. Qf5+ {[%emt 0:01:07]} Kh4 {[%emt 0:00:08]} 68. Qf2+ {[%emt 0:00:15]} Kg5 {[%emt 0:00:03]} 69. Qc5+ {[%emt 0:01:51]} Kf6 {[%emt 0:00:24]} 70. Qf2+ {[%emt 0:00:44]} Kg6 {[%emt 0:01:37]} 71. Qb6+ {[%emt 0:00:12]} Kf5 {[%emt 0:01:44]} 72. Qf2+ {[%emt 0:00:48]} Kg5 {[%emt 0:00:32]} 73. Qc5+ {[%emt 0:00:42]} Kf6 {[%emt 0:00:58]} 74. Qf2+ {[%emt 0:01:53]} Kg6 {[%emt 0:00:33]} 1/2-1/2

[Event "94th FRA-ch Open A 2019"]
[Site "Chartres"]
[Date "2019.08.24"]
[Round "8.3"]
[White "Mahieu, Luc"]
[Black "Haie, Arnaud"]
[Result "0-1"]
[WhiteElo "2084"]
[BlackElo "2130"]
[Annotator "NA"]
[PlyCount "112"]
[EventDate "2019.08.17"]
[EventType "swiss"]
[EventCountry "FRA"]
[SourceTitle "playchess.com"]
[Source "ChessBase"]
[SourceQuality "1"]
[TimeControl "40/5400+30:1800+30"]

1. e4 {[%emt 0:00:00]} c5 {[%emt 0:00:00]} 2. Nf3 {[%emt 0:00:00]} e6 {[%emt 0:00:00]} 3. d4 {[%emt 0:00:00]} cxd4 {[%emt 0:00:00]} 4. Nxd4 {[%emt 0:00:02]} Nc6 {[%emt 0:00:00]} 5. Nc3 {[%emt 0:00:08]} Qc7 {[%emt 0:00:13]} 6. f4 {[%emt 0:00:07]} Nxd4 {[%emt 0:01:03]} 7. Qxd4 {[%emt 0:00:19]} b6 {[%emt 0:00:13]} 8. Be3 {[%emt 0:04:50]} Nf6 {[%emt 0:01:48]} 9. Be2 {[%emt 0:05:54]} Bb7 {[%emt 0:02:30]} 10. O-O-O {[%emt 0:06:30]} Rc8 {[%emt 0:01:17]} 11. Qd3 {[%emt 0:04:55]} Bb4 {[%emt 0:31:21]} 12. Nb5 {[%emt 0:08:26]} Qb8 {[%emt 0:04:04]} 13. Bf3 {[%emt 0:03:35]} d5 {[%emt 0:09:14]} 14. Nd4 {[%emt 0:10:44]} O-O {[%emt 0:06:22]} 15. e5 {[%emt 0:00:13]} Ne4 {[%emt 0:01:49]} 16. Kb1 {[%emt 0:07:59]} Nc5 {[%emt 0:04:17]} 17. Qe2 {[%emt 0:02:26]} Ba6 {[%emt 0:00:19]} 18. Qf2 {[%emt 0:00:40]} Na4 {[%emt 0:04:42]} 19. Qg3 {[%emt 0:03:37]} Qc7 {[%emt 0:10:37]} 20. f5 {[%emt 0:08:00]} Rfe8 {[%emt 0:10:27]} 21. f6 {[%emt 0:05:37]} g6 {[%emt 0:00:14]} 22. Qf4 {[%emt 0:04:26]} Qc5 {[%emt 0:02:21]} 23. Qh6 {[%emt 0:01:52]} Qf8 {[%emt 0:00:02]} 24. Qxf8+ {[%emt 0:00:17]} Bxf8 {[%emt 0:00:54]} 25. h4 {[%emt 0:00:28]} h6 {[%emt 0:01:42]} 26. g4 {[%emt 0:01:29]} Nc5 {[%emt 0:01:26]} 27. Rhg1 {[%emt 0:02:13]} Nd7 {[%emt 0:00:22]} 28. Bf4 {[%emt 0:00:46]} Rc4 {[%emt 0:00:28]} 29. c3 {[%emt 0:00:10]} b5 {[%emt 0:00:28]} 30. Be2 {[%emt 0:00:31]} Ra4 {[%emt 0:02:23]} 31. b3 {[%emt 0:00:26]} Ra3 {[%emt 0:00:26]} 32. Bc1 {[%emt 0:00:09]} b4 {[%emt 0:01:26]} 33. Bxa3 {[%emt 0:00:21]} Bxe2 {[%emt 0:00:04]} 34. Nxe2 {[%emt 0:00:05]} bxa3 {[%emt 0:00:04]} 35. Nd4 {[%emt 0:02:01]} Nxe5 {[%emt 0:00:13]} 36. g5 {[%emt 0:00:01]} Rc8 {[%emt 0:00:17]} 37. Rg3 {[%emt 0:03:11]} Bd6 {[%emt 0:00:24]} 38. gxh6 {[%emt 0:04:28]} Nd7 {[%emt 0:00:30]} 39. Rf3 {[%emt 0:12:34]} Be5 40. h5 {[%emt 0:00:00]} g5 {[%emt 0:05:01]} 41. Ne2 {[%emt 0:01:23]} Nxf6 {[%emt 0:03:35]} 42. Kc2 {[%emt 0:08:38]} Ne4 {[%emt 0:01:32]} 43. h7+ {[%emt 0:00:32]} Kg7 {[%emt 0:00:25]} 44. Nd4 {[%emt 0:02:02]} g4 {[%emt 0:02:39]} 45. Re3 {[%emt 0:01:50]} Kxh7 {[%emt 0:06:08]} 46. Rdd3 {[%emt 0:04:43]} Kh6 {[%emt 0:06:48]} 47. b4 {[%emt 0:03:48]} Bxd4 {[%emt 0:07:39]} 48. Rxd4 {[%emt 0:00:07]} f5 {[%emt 0:00:09]} 49. Kb3 {[%emt 0:02:21]} f4 {[%emt 0:00:54]} 50. Rexe4 {[%emt 0:00:11]} dxe4 {[%emt 0:06:10]} 51. Rxe4 Rf8 {[%emt 0:00:00]} 52. c4 {[%emt 0:00:56]} g3 {[%emt 0:00:00]} 53. Rxe6+ {[%emt 0:00:13]} Kxh5 {[%emt 0:00:00]} 54. c5 {[%emt 0:00:23]} g2 {[%emt 0:00:00]} 55. Re7 {[%emt 0:00:05]} g1=Q {[%emt 0:00:00]} 56. Rh7+ {[%emt 0:00:07]} Kg6 {[%emt 0:00:00]} 0-1

[Event "94th FRA-ch Open A 2019"]
[Site "Chartres"]
[Date "2019.08.24"]
[Round "8.4"]
[White "Meunier-Pion, Jean"]
[Black "Spitz, Patrick"]
[Result "0-1"]
[WhiteElo "2193"]
[BlackElo "2008"]
[Annotator "NA"]
[PlyCount "158"]
[EventDate "2019.08.17"]
[EventType "swiss"]
[EventCountry "FRA"]
[SourceTitle "playchess.com"]
[Source "ChessBase"]
[SourceQuality "1"]
[TimeControl "40/5400+30:1800+30"]

1. e4 {[%emt 0:00:00]} c5 {[%emt 0:00:00]} 2. Nf3 {[%emt 0:00:00]} e6 {[%emt 0:00:00]} 3. d3 {[%emt 0:00:36]} Nc6 {[%emt 0:01:12]} 4. g3 {[%emt 0:00:43]} a6 {[%emt 0:01:46]} 5. Bg2 {[%emt 0:00:25]} Nf6 {[%emt 0:01:50]} 6. O-O {[%emt 0:01:00]} Be7 {[%emt 0:03:32]} 7. Qe2 {[%emt 0:03:01]} d5 {[%emt 0:11:48]} 8. e5 {[%emt 0:00:07]} Nd7 {[%emt 0:00:26]} 9. c4 {[%emt 0:00:32]} d4 {[%emt 0:05:17]} 10. h4 {[%emt 0:25:05]} h6 {[%emt 0:01:17]} 11. h5 {[%emt 0:03:44]} Qc7 {[%emt 0:04:55]} 12. Re1 {[%emt 0:06:10]} b5 {[%emt 0:01:16]} 13. Na3 {[%emt 0:12:12]} Rb8 {[%emt 0:01:10]} 14. Bf4 {[%emt 0:00:32]} Na5 {[%emt 0:14:51]} 15. Nd2 {[%emt 0:12:38]} Bb7 {[%emt 0:07:35]} 16. Qg4 {[%emt 0:05:35]} Kf8 {[%emt 0:01:25]} 17. f3 {[%emt 0:05:14]} Bc6 {[%emt 0:04:12]} 18. cxb5 {[%emt 0:00:50]} axb5 {[%emt 0:00:34]} 19. Rac1 {[%emt 0:02:11]} Qb6 {[%emt 0:05:31]} 20. Qh3 {[%emt 0:05:25]} Bd5 {[%emt 0:01:59]} 21. Ne4 {[%emt 0:03:08]} c4 {[%emt 0:09:41]} 22. Nd6 {[%emt 0:00:05]} c3 {[%emt 0:04:15]} 23. bxc3 {[%emt 0:06:56]} Bxd6 {[%emt 0:00:20]} 24. exd6 {[%emt 0:00:16]} dxc3+ {[%emt 0:00:09]} 25. Kh2 {[%emt 0:02:38]} b4 {[%emt 0:04:38]} 26. Qh4 {[%emt 0:00:32]} Qd8 {[%emt 0:02:54]} 27. Qe7+ {[%emt 0:01:19]} Qxe7 {[%emt 0:02:52]} 28. dxe7+ {[%emt 0:00:05]} Kxe7 {[%emt 0:00:02]} 29. Bxb8 {[%emt 0:00:43]} Rxb8 {[%emt 0:00:00]} 30. Nb1 {[%emt 0:01:50]} Rc8 {[%emt 0:02:32]} 31. a3 {[%emt 0:00:31]} c2 {[%emt 0:02:17]} 32. axb4 {[%emt 0:00:05]} Nb3 {[%emt 0:00:33]} 33. Na3 {[%emt 0:00:17]} Nxc1 {[%emt 0:00:27]} 34. Rxc1 {[%emt 0:00:01]} Bb3 {[%emt 0:01:14]} 35. f4 {[%emt 0:00:45]} Nb6 {[%emt 0:01:35]} 36. Kg1 {[%emt 0:00:43]} Ba4 {[%emt 0:00:58]} 37. Kf2 {[%emt 0:00:59]} Rc3 {[%emt 0:00:35]} 38. Nc4 {[%emt 0:00:34]} Nxc4 {[%emt 0:00:09]} 39. dxc4 {[%emt 0:00:01]} Rxc4 {[%emt 0:00:18]} 40. b5 {[%emt 0:01:59]} Rb4 {[%emt 0:01:43]} 41. Ke3 {[%emt 0:02:18]} Rxb5 {[%emt 0:03:09]} 42. Be4 {[%emt 0:00:26]} Rb1 {[%emt 0:02:19]} 43. Rxb1 {[%emt 0:00:09]} cxb1=Q {[%emt 0:00:22]} 44. Bxb1 {[%emt 0:00:05]} Bd1 {[%emt 0:00:08]} 45. Bd3 {[%emt 0:04:11]} Bxh5 {[%emt 0:00:20]} 46. Kd4 {[%emt 0:01:35]} Kf6 {[%emt 0:00:22]} 47. Bc2 {[%emt 0:00:46]} g5 {[%emt 0:01:24]} 48. Ke3 {[%emt 0:00:36]} Bg6 {[%emt 0:00:28]} 49. Bd1 {[%emt 0:00:15]} Ke7 {[%emt 0:02:12]} 50. Be2 {[%emt 0:00:27]} Kd6 {[%emt 0:00:20]} 51. Bb5 {[%emt 0:02:00]} f6 {[%emt 0:01:29]} 52. Bc4 {[%emt 0:00:37]} Be8 {[%emt 0:00:27]} 53. Bb3 {[%emt 0:00:26]} Bc6 {[%emt 0:00:09]} 54. Bc4 {[%emt 0:00:29]} e5 {[%emt 0:01:49]} 55. Bf7 {[%emt 0:00:22]} exf4+ {[%emt 0:01:38]} 56. gxf4 {[%emt 0:00:06]} g4 {[%emt 0:01:02]} 57. Kf2 {[%emt 0:00:58]} Ke7 {[%emt 0:04:28]} 58. Bg6 {[%emt 0:04:20]} Ke6 {[%emt 0:00:45]} 59. Kg3 {[%emt 0:08:24]} f5 {[%emt 0:02:00]} 60. Kh4 {[%emt 0:00:17]} Kf6 {[%emt 0:08:11]} 61. Bh5 {[%emt 0:00:02]} Bd5 {[%emt 0:00:18]} 62. Be8 {[%emt 0:00:10]} Bf7 {[%emt 0:00:08]} 63. Bd7 {[%emt 0:00:56]} Bg6 {[%emt 0:00:10]} 64. Bb5 {[%emt 0:08:54]} Ke7 {[%emt 0:00:10]} 65. Bd3 {[%emt 0:00:05]} Kd6 {[%emt 0:00:26]} 66. Kg3 {[%emt 0:00:19]} Kd5 {[%emt 0:00:13]} 67. Bc2 {[%emt 0:00:51]} Kd4 {[%emt 0:00:11]} 68. Bb3 {[%emt 0:00:30]} Ke3 {[%emt 0:00:14]} 69. Bc2 {[%emt 0:00:29]} h5 {[%emt 0:00:18]} 70. Bd1 {[%emt 0:00:13]} Be8 {[%emt 0:03:04]} 71. Bb3 {[%emt 0:02:25]} h4+ {[%emt 0:00:56]} 72. Kxh4 {[%emt 0:00:02]} Kxf4 {[%emt 0:00:46]} 73. Be6 {[%emt 0:01:26]} Bc6 {[%emt 0:00:44]} 74. Bc4 {[%emt 0:00:57]} Be4 {[%emt 0:01:31]} 75. Be2 {[%emt 0:00:49]} g3 {[%emt 0:01:43]} 76. Kh3 {[%emt 0:00:01]} g2 {[%emt 0:00:07]} 77. Kh2 {[%emt 0:00:22]} Ke3 {[%emt 0:00:05]} 78. Bg4 {[%emt 0:00:53]} Kf2 {[%emt 0:00:26]} 79. Bxf5 {[%emt 0:00:17]} g1=Q+ {[%emt 0:00:09]} 0-1

[Event "94th FRA-ch Open A 2019"]
[Site "Chartres"]
[Date "2019.08.24"]
[Round "8.5"]
[White "Caloone, Thomas"]
[Black "Rivalin, Kenny"]
[Result "0-1"]
[WhiteElo "2111"]
[BlackElo "2184"]
[Annotator "NA"]
[PlyCount "186"]
[EventDate "2019.08.17"]
[EventType "swiss"]
[EventCountry "FRA"]
[SourceTitle "playchess.com"]
[Source "ChessBase"]
[SourceQuality "1"]
[TimeControl "40/5400+30:1800+30"]

1. e4 {[%emt 0:00:00]} c5 {[%emt 0:00:00]} 2. Nf3 {[%emt 0:00:00]} d6 {[%emt 0:00:00]} 3. d4 {[%emt 0:00:01]} cxd4 {[%emt 0:00:00]} 4. Nxd4 {[%emt 0:00:08]} Nf6 {[%emt 0:00:09]} 5. Nc3 {[%emt 0:00:05]} Nc6 {[%emt 0:00:13]} 6. g3 {[%emt 0:00:04]} Bg4 {[%emt 0:06:10]} 7. f3 {[%emt 0:25:00]} Bd7 {[%emt 0:02:54]} 8. Be3 {[%emt 0:08:19]} g6 {[%emt 0:08:49]} 9. Bg2 {[%emt 0:03:57]} Bg7 {[%emt 0:00:18]} 10. Nde2 {[%emt 0:00:22]} b5 {[%emt 0:03:51]} 11. O-O {[%emt 0:03:30]} b4 {[%emt 0:09:03]} 12. Nd5 {[%emt 0:00:47]} O-O {[%emt 0:01:17]} 13. a3 {[%emt 0:01:33]} a5 {[%emt 0:27:48]} 14. axb4 {[%emt 0:17:52]} axb4 {[%emt 0:02:29]} 15. Rxa8 {[%emt 0:00:08]} Qxa8 {[%emt 0:00:08]} 16. Bg5 {[%emt 0:04:30]} Qa7+ {[%emt 0:15:49]} 17. Kh1 {[%emt 0:01:07]} Nxd5 {[%emt 0:01:21]} 18. exd5 {[%emt 0:00:11]} Na5 {[%emt 0:01:12]} 19. b3 {[%emt 0:18:48]} Qc5 {[%emt 0:02:24]} 20. Qd2 {[%emt 0:04:46]} Bf5 {[%emt 0:02:19]} 21. Nc1 {[%emt 0:06:47]} Bxc2 {[%emt 0:03:20]} 22. Bxe7 {[%emt 0:00:32]} Rc8 {[%emt 0:00:08]} 23. Bh3 {[%emt 0:01:06]} Re8 {[%emt 0:03:50]} 24. Bxd6 {[%emt 0:00:58]} Qxd6 {[%emt 0:00:01]} 25. Qxc2 {[%emt 0:00:07]} Qxd5 {[%emt 0:00:05]} 26. Bg2 {[%emt 0:00:48]} Bc3 {[%emt 0:04:39]} 27. Rd1 {[%emt 0:01:05]} Qe6 {[%emt 0:00:02]} 28. f4 {[%emt 0:00:21]} Nc6 {[%emt 0:00:58]} 29. Bd5 {[%emt 0:00:25]} Nd4 {[%emt 0:02:06]} 30. Bxe6 {[%emt 0:00:18]} Nxc2 {[%emt 0:00:04]} 31. Bh3 {[%emt 0:00:20]} Ra8 {[%emt 0:00:57]} 32. Ne2 {[%emt 0:00:34]} Ne3 {[%emt 0:02:00]} 33. Nxc3 {[%emt 0:01:10]} bxc3 {[%emt 0:00:16]} 34. Rc1 {[%emt 0:00:04]} Ra3 {[%emt 0:00:59]} 35. Kg1 {[%emt 0:00:16]} Rxb3 {[%emt 0:00:13]} 36. Kf2 {[%emt 0:00:05]} c2 {[%emt 0:01:21]} 37. Ke2 {[%emt 0:00:07]} f5 {[%emt 0:00:07]} 38. Kd2 {[%emt 0:01:22]} Kf7 {[%emt 0:00:13]} 39. Ra1 {[%emt 0:01:03]} Rb1 {[%emt 0:00:38]} 40. Ra7+ {[%emt 0:00:05]} Ke6 {[%emt 0:00:13]} 41. Rc7 {[%emt 0:30:06]} Kd6 {[%emt 0:09:08]} 42. Rc3 {[%emt 0:00:00]} Rd1+ {[%emt 0:00:18]} 43. Kxe3 {[%emt 0:00:00]} c1=Q+ {[%emt 0:00:06]} 44. Rxc1 {[%emt 0:00:00]} Rxc1 {[%emt 0:00:04]} 45. Bg2 {[%emt 0:00:00]} Rc2 {[%emt 0:00:23]} 46. Kf3 {[%emt 0:00:00]} Kd5 {[%emt 0:08:17]} 47. h4 {[%emt 0:00:00]} Kd4 {[%emt 0:00:14]} 48. Bf1 {[%emt 0:00:00]} Rc3+ {[%emt 0:00:30]} 49. Kf2 {[%emt 0:00:00]} h6 {[%emt 0:00:38]} 50. Bb5 {[%emt 0:00:00]} Re3 {[%emt 0:08:04]} 51. Bd7 {[%emt 0:00:00]} Re7 {[%emt 0:00:58]} 52. Bb5 {[%emt 0:00:00]} Rc7 {[%emt 0:06:14]} 53. Bf1 {[%emt 0:00:00]} Rc1 {[%emt 0:01:04]} 54. Bb5 {[%emt 0:00:00]} Ke4 {[%emt 0:00:17]} 55. Ba4 {[%emt 0:00:00]} Rc4 {[%emt 0:00:23]} 56. Bd1 {[%emt 0:00:00]} Rc3 {[%emt 0:00:08]} 57. Ba4 {[%emt 0:00:00]} Rf3+ {[%emt 0:00:48]} 58. Kg2 {[%emt 0:00:00]} Ra3 {[%emt 0:00:04]} 59. Be8 {[%emt 0:00:31]} Ra6 {[%emt 0:00:15]} 60. h5 {[%emt 0:01:08]} g5 {[%emt 0:00:39]} 61. fxg5 {[%emt 0:00:46]} hxg5 {[%emt 0:00:05]} 62. Bg6 {[%emt 0:00:11]} Ke5 {[%emt 0:00:24]} 63. g4 {[%emt 0:01:06]} Ra2+ {[%emt 0:01:58]} 64. Kg3 {[%emt 0:00:32]} Ra3+ {[%emt 0:00:04]} 65. Kg2 {[%emt 0:00:04]} fxg4 {[%emt 0:00:29]} 66. h6 {[%emt 0:00:10]} Rh3 {[%emt 0:00:48]} 67. h7 {[%emt 0:00:03]} Kf4 {[%emt 0:00:17]} 68. Bb1 {[%emt 0:00:32]} Rh6 {[%emt 0:00:08]} 69. Bg6 {[%emt 0:00:19]} g3 {[%emt 0:00:07]} 70. Bc2 {[%emt 0:01:05]} Rh2+ {[%emt 0:00:19]} 71. Kg1 {[%emt 0:00:05]} Kf3 {[%emt 0:00:27]} 72. Bd1+ {[%emt 0:00:05]} Ke3 {[%emt 0:00:10]} 73. Bc2 {[%emt 0:00:05]} Kd4 {[%emt 0:02:07]} 74. Bf5 {[%emt 0:01:05]} Ke5 {[%emt 0:00:10]} 75. Bb1 {[%emt 0:00:42]} Kf6 {[%emt 0:00:03]} 76. Be4 {[%emt 0:00:37]} Kg7 {[%emt 0:00:12]} 77. Bf5 {[%emt 0:00:22]} Rb2 {[%emt 0:00:13]} 78. Be4 {[%emt 0:00:15]} Ra2 {[%emt 0:01:34]} 79. Bd3 {[%emt 0:00:58]} Rh2 {[%emt 0:01:01]} 80. Be4 {[%emt 0:00:20]} Kf6 {[%emt 0:00:12]} 81. Bd3 {[%emt 0:01:26]} Ke6 {[%emt 0:00:14]} 82. Be4 {[%emt 0:02:19]} Ke5 {[%emt 0:00:00]} 83. Bg6 {[%emt 0:00:11]} Kd4 {[%emt 0:00:37]} 84. Bf5 {[%emt 0:00:12]} Kc3 {[%emt 0:00:12]} 85. Bg6 {[%emt 0:00:35]} Kd2 {[%emt 0:00:06]} 86. Bf5 {[%emt 0:00:43]} Ke3 {[%emt 0:00:28]} 87. Bc2 {[%emt 0:00:05]} Ke2 {[%emt 0:00:08]} 88. Be4 {[%emt 0:00:06]} Ke3 {[%emt 0:03:14]} 89. Bc2 {[%emt 0:00:07]} g2 {[%emt 0:01:04]} 90. Be4 {[%emt 0:02:15]} Rh4 {[%emt 0:00:02]} 91. Bg6 {[%emt 0:05:30]} Kf3 {[%emt 0:00:36]} 92. h8=Q {[%emt 0:01:18]} Rxh8 {[%emt 0:00:07]} 93. Bh5+ {[%emt 0:00:03]} Kg3 {[%emt 0:00:14]} 0-1